Wander outdoorové výzvy do každého vrecka

Wander ako nástroj na tvorbu geolokačných hier. Tvorbu geolokačných hier pre team buildingy, detské tábory, poznávacie výlety, školenia, zábavu s rodinou a klientske podujatia. Tržby a zisky start-upu.

Salvato in:
Dettagli Bibliografici
Autore principale: Zagoršek, Branislav, 1984-
Natura: Capitolo di libro
Lingua:slovacco
Soggetti:
Tags: Aggiungi Tag
Nessun Tag, puoi essere il primo ad aggiungerne!!

MARC

LEADER 00000naa$a2200000$$$4500
001 0271424
005 20240502074254.6
041 0 |a slo 
044 |a SK 
245 1 0 |a Wander  |b outdoorové výzvy do každého vrecka  |c Branislav Zagoršek 
520 |a Wander ako nástroj na tvorbu geolokačných hier. Tvorbu geolokačných hier pre team buildingy, detské tábory, poznávacie výlety, školenia, zábavu s rodinou a klientske podujatia. Tržby a zisky start-upu. 
610 2 0 |a hry 
610 2 0 |a aplikácie mobilné 
610 2 0 |a start-up 
610 2 0 |a šport 
100 1 |a Zagoršek, Branislav, 1984-